Statistiche per Paesi più vicini a Vienna - Sprint di 30 secondi

Clicka qui per fare il quiz!

Statistiche generali

  • Questo quiz è stato fatto 29 volte
  • Il punteggio medio è 10 su 20

Statistiche sulle risposte

kmnazione% Corretto
275Italia
100%
194Germania
87%
464Svizzera
87%
38Slovacchia
74%
149Slovenia
74%
184Croazia
70%
58Cechia
61%
52Ungheria
61%
605Francia
57%
318Serbia
57%
519Liechtenstein
52%
212Polonia
35%
556San Marino
35%
329Bosnia ed
Erzegovina
30%
375Romania
30%
657Bulgaria
22%
427Ucraina
22%
647Kosovo
9%
556Montenegro
9%
636Bielorussia
0%

Distribuzione punteggi

Percentile per numero di risposta

Percentuale di utenti per punteggio

I tuoi punteggi nel tempo

Non hai fatto questo quiz